Statystyki dla Z jakim Numerem Gra Ten Piłkarz

Kliknij tutaj aby rozwiązać quiz!

Ogólne statystyki

  • Ten quiz został rozwiązany 203 razy
  • Średni wynik to 8 z 10

Statystyki odpowiedzi

NazwiskoNumer% Poprawnych
Krzysztof Piątek7
95%
İlkay Gündoğan8
94%
Clément Lenglet15
89%
Antoine Griezmann17
88%
Serge Gnabry22
84%
Olivier Giroud18
83%
Serge Gnabry25
83%
Alessandro Florenzi25
83%
Aritz Aduriz20
82%
Gianluigi Buffon77
51%

Rozkład punktacji

Percentyl według liczby udzielonych odpowiedzi

Procent ludzi z każdym wynikiem

Twoja historia wyników

Nie rozwiązałeś tego quizu